000 01198nam a2200337Ia 4500
005 20220317001204.0
008 160825s2007 sp g 000 0 spa
020 _a97884788885012
100 1 _aRowling, Joanne Kathleen
_d1965-
245 1 0 _aHarry Potter y la Orden del Fénix
_cJ. K. Rowling ; traducido por Gemma Rovira Ortega
250 _a7a. edición
300 _a893 páginas
_c22 cm
490 _aHarry Potter
521 _aRecomendado para jovenes de 13 años en adelante
534 _tHarry Portter and the order of the phoenix
650 1 4 _2LEMB
_aNovela juvenil inglesa
_ySiglo XX
650 1 4 _2LEMB
_aLiteratura Juvenil Inglesa
_ySiglo XX
650 1 4 _2LEMB
_aMagia en la literatura
650 1 4 _2LEMB
_aMisterio en la literatura
650 1 4 _2LEMB
_aAmistad en la literatura
650 1 4 _2LEMB
_aFantasia en la literatura
650 1 4 _2LEMB
_aAmor en la literatura
700 1 _aRovira Ortega, Gemma
_967371
942 _2loc
_cBKLIT
264 _aBarcelona
_bSalamandra
_c2007
336 _atexto
_btxt
_2rdacontent
337 _asin mediación
_bn
_2rdamedia
338 _avolumen
_bnc
_2rdacarrier
040 _aCO-BoRNBP
_bspa
_erda
_cCO-BoRNBP
084 _aN ROW1
999 _c6184
_d6184